Statistics for 8 smallest countries/US States by Containing Letter, with a map

Click here to take the quiz!

General Stats

  • This quiz has been taken 194 times
  • The average score is 60 of 82

Answers on the Map

Answers color-coded by a green-red scale on the quiz's map according to % correct below.
Loading ...
 

Answer Stats

Country/State% Correct
Vatican City
100%
Liechtenstein
97%
Luxembourg
97%
Monaco
97%
Palau
96%
Fiji
95%
Nauru
95%
Qatar
95%
Malta
93%
San Marino
93%
Rhode Island
92%
São Tomé and Príncipe
92%
Andorra
91%
Bahamas
89%
Bahrain
89%
Cape Verde
89%
Maldives
89%
Saint Kitts and Nevis
89%
Seychelles
89%
Barbados
88%
Comoros
88%
Cyprus
88%
Jamaica
88%
Kiribati
88%
Marshall Islands
88%
Mauritius
88%
Tonga
88%
Tuvalu
88%
Saint Lucia
87%
Saint Vincent and the Grenadines
86%
Vanuatu
86%
Brunei
84%
Grenada
84%
Antigua and Barbuda
83%
Dominica
83%
Belize
82%
Delaware
82%
Singapore
82%
Trinidad and Tobago
82%
Djibouti
80%
Federated States of Micronesia
80%
Equatorial Guinea
79%
Kosovo
79%
Swaziland
79%
Gambia
78%
Taiwan
78%
Kuwait
76%
Rwanda
75%
New Hampshire
74%
New Jersey
74%
Maryland
72%
Switzerland
72%
Azerbaijan
70%
Jordan
68%
Kyrgyzstan
62%
Lebanon
62%
New Zealand
62%
Tajikistan
59%
Hawaii
58%
Japan
58%
Panama
58%
Sri Lanka
58%
Dominican Republic
57%
Mexico
57%
Finland
55%
Florida
54%
Denmark
51%
New Mexico
49%
Bosnia and Herzegovina
47%
Iraq
46%
Slovakia
46%
Texas
46%
Kentucky
45%
Mozambique
45%
South Korea
45%
Czech Republic
43%
Burkina Faso
34%
Republic of the Congo
34%
Pennsylvania
29%
Central African Republic
28%
Hungary
25%
California
22%

Score Distribution

Percentile by Number Answered

Percent of People with Each Score

Your Score History

You have not taken this quiz